000 00695nam a2200253Ia 4500
001 2593
005 20240113233547.0
007 ta
008 050228s2000 a g b000 u hin u
040 _aCotton College,Assam
041 _ahin
082 _a891.4309
_bSu 92 R
100 _aSukla, Chandrasekhar .
245 0 _aRamchandra Sukla /
_cChandrasekhar Sukla.
_hTextual Documents
250 _a1st ed. /
260 _aVaranasi :
_bBarnibitan prakashan ,
_c2000.
300 _a355p. :
_bill ;
_c26cm .
653 _aHindi literature-Criticism
653 _aGen-Hindi
700 _aMittra, Biswanathprashad .
942 _2ddc
_cBK
999 _c2586
_d2586